Zwycieżcy programu Twoja twarz brzmi znajomo - Statystyki

Ogólne statystyki
  • Ten quiz został rozwiązany 21 razy
  • Średni wynik to 12 z 20
Statystyki odpowiedzi
Edycje Zwycieżcy % Poprawnych
1 Katarzyna Skrzynecka
100%
9 Filip Lato
93%
20 Filip Lato
93%
8 Kacper Kuszewski
86%
3 Stefano Terrazzino
86%
5 Aleksandra Szwed
79%
2 Marek Kaliszuk
79%
6 Maria Tyszkiewicz
79%
10 Mateusz Ziółko
79%
12 Adam Strycharczuk
57%
17 Kasia Wilk
57%
7 Kasia Popowska
50%
11 Kazimierz Mazur
50%
19 Kuba Szmajkowski
50%
15 Robert Janowski
50%
18 Oskar Cyms
43%
14 Lesław Żurek
36%
4 Bartek Kasprzykowski
29%
13 Paweł "Czadoman" Dudek
29%
16 Johan "Danzel" Weam
7%
Nie znaleziono quizów pasujących do podanych kryteriów
Rozkład punktacji
Procent ludzi z każdym wynikiem
Percentyl według liczby udzielonych odpowiedzi
Twoja historia wyników
Nie rozwiązałeś tego quizu